| 000 -LEADER |
| fixed length control field |
00894cam a2200289 a 4500 |
| 001 - CONTROL NUMBER |
| control field |
15735006 |
| 003 - CONTROL NUMBER IDENTIFIER |
| control field |
OSt |
| 005 - DATE AND TIME OF LATEST TRANSACTION |
| control field |
20230913115039.0 |
| 008 - FIXED-LENGTH DATA ELEMENTS--GENERAL INFORMATION |
| fixed length control field |
090512s2009 enk 000 d eng |
| 010 ## - LIBRARY OF CONGRESS CONTROL NUMBER |
| LC control number |
2009437451 |
| 020 ## - INTERNATIONAL STANDARD BOOK NUMBER |
| International Standard Book Number |
9781840029215 (pbk.) |
| 020 ## - INTERNATIONAL STANDARD BOOK NUMBER |
| International Standard Book Number |
1840029218 (pbk.) |
| 040 ## - CATALOGING SOURCE |
| Original cataloging agency |
DLC |
| Transcribing agency |
DLC |
| Modifying agency |
KH8 |
| 082 ## - DEWEY DECIMAL CLASSIFICATION NUMBER |
| Classification number |
822.914 TEE |
| 100 1# - MAIN ENTRY--PERSONAL NAME |
| Personal name |
Teevan, Colin, |
| Relator term |
author. |
| 245 10 - TITLE STATEMENT |
| Title |
Kafka's monkey / |
| Statement of responsibility, etc. |
[adaptation, Colin Teevan]. |
| 260 ## - PUBLICATION, DISTRIBUTION, ETC. |
| Place of publication, distribution, etc. |
London : |
| Name of publisher, distributor, etc. |
Oberon Books, |
| Date of publication, distribution, etc. |
2009. |
| 300 ## - PHYSICAL DESCRIPTION |
| Extent |
57 p. ; |
| Dimensions |
21 cm. |
| 490 0# - SERIES STATEMENT |
| Series statement |
Oberon modern plays |
| 500 ## - GENERAL NOTE |
| General note |
"Based on A report to an academy by Franz Kazfka"--Cover. |
| 500 ## - GENERAL NOTE |
| General note |
"Young Vic"--Cover. |
| 600 10 - SUBJECT ADDED ENTRY--PERSONAL NAME |
| Personal name |
Kafka, Franz, |
| Dates associated with a name |
1883-1924 |
| Form subdivision |
Adaptations. |
| 650 #0 - SUBJECT ADDED ENTRY--TOPICAL TERM |
| Topical term or geographic name entry element |
Evolution (Biology) |
| Form subdivision |
Drama. |
| 700 1# - ADDED ENTRY--PERSONAL NAME |
| Personal name |
Kafka, Franz, |
| Dates associated with a name |
1883-1924. |
| Title of a work |
Bericht für eine Akademie. |
| 710 2# - ADDED ENTRY--CORPORATE NAME |
| Corporate name or jurisdiction name as entry element |
Young Vic Theatre Company. |
| 942 ## - ADDED ENTRY ELEMENTS (KOHA) |
| Source of classification or shelving scheme |
|
| Koha item type |
Teaching Resources |